| Tag |
First Indicator |
Second Indicator |
Subfields |
| LEADER |
00000cam a22000005u 4500 |
| 001 |
in00002787578 |
| 005 |
20190331170720.0 |
| 006 |
m o d |
| 007 |
cr nn 008mam|a |
| 008 |
120725t2012 gw fo || 0 0 ||||| |
| 020 |
|
|
|a 9780784412435
|
| 035 |
|
|
|a (American Society of Civil Eng)10.1061/9780784412435
|
| 040 |
|
|
|d UtOrBLW
|
| 245 |
0 |
0 |
|a Civil Engineering and Urban Planning 2012 /
|c Edited by Shuying Qu, Sen Lin.
|
| 264 |
|
1 |
|a Reston, VA :
|b American Society of Civil Engineers,
|c 2012.
|
| 300 |
|
|
|a 1 online resource.
|
| 336 |
|
|
|a text
|b txt
|2 rdacontent
|
| 337 |
|
|
|a computer
|b c
|2 rdamedia
|
| 338 |
|
|
|a online resource
|b cr
|2 rdacarrier
|
| 500 |
|
|
|a Electronic resource.
|
| 653 |
|
|
|a Proceedings
|a Construction Institute (CI)
|a Urban planning and development
|a Infrastructure management and security
|a Construction engineering
|a Sustainable development
|
| 655 |
|
7 |
|a Electronic books.
|2 local
|
| 700 |
1 |
|
|a Qu, Shuying.
|
| 700 |
1 |
|
|a Lin, Sen.
|
| 730 |
0 |
|
|a ASCE Library.
|
| 856 |
4 |
0 |
|u http://proxy.library.tamu.edu/login?url=http://ascelibrary.org/action/showBook?doi=10.1061%2F9780784412435
|z Connect to the full text of this electronic book
|t 0
|
| 999 |
|
|
|a MARS
|
| 999 |
f |
f |
|s eceb7369-5d77-3063-9ae2-eab316e37c0d
|i 05554e78-bb45-34d6-b091-2e04904a2541
|t 0
|
| 952 |
f |
f |
|a Texas A&M University
|b College Station
|c Electronic Resources
|d Available Online
|t 0
|h No information provided
|
| 998 |
f |
f |
|t 0
|l Available Online
|